[Event "c14"]
[Site "?"]
[Date "2020.08.27"]
[Round "2.2"]
[White "Kotowicz, Kamil"]
[Black "Chyzy, Jakub"]
[Result "0-1"]
[BlackElo "2005"]
[WhiteElo "1465"]
[LiveChessVersion "1.4.8"]

1. d4 {[%clk 0:03:03]} Nf6 {[%clk 0:03:03]} 2. c4 {[%clk 0:03:04]} d6
{[%clk 0:03:05]} 3. Nc3 {[%clk 0:03:04]} Nbd7 {[%clk 0:03:06]} 4. e4 e5 5. d5
{[%clk 0:03:03]} Nc5 {[%clk 0:03:08]} 6. Bd3 {[%clk 0:02:56]} a5 {[%clk 0:03:00]}
7. h3 {[%clk 0:02:49]} g6 {[%clk 0:02:56]} 8. Be3 {[%clk 0:02:49]} b6
{[%clk 0:02:54]} 9. Nf3 {[%clk 0:02:40]} Bg7 {[%clk 0:02:52]} 10. O-O
{[%clk 0:02:40]} O-O {[%clk 0:02:51]} 11. Qc2 {[%clk 0:02:36]} Nxd3
{[%clk 0:02:39]} 12. Qxd3 {[%clk 0:02:37]} Nd7 {[%clk 0:02:36]} 13. a3
{[%clk 0:02:23]} Nc5 {[%clk 0:02:31]} 14. Qc2 {[%clk 0:02:24]} a4
{[%clk 0:02:03]} 15. Nd2 {[%clk 0:02:11]} Bd7 {[%clk 0:01:56]} 16. b4
{[%clk 0:01:54]} axb3 {[%clk 0:01:54]} 17. Nxb3 {[%clk 0:01:55]} f5
{[%clk 0:01:51]} 18. Nxc5 {[%clk 0:01:46]} bxc5 {[%clk 0:01:52]} 19. f3
{[%clk 0:01:46]} f4 {[%clk 0:01:49]} 20. Bf2 {[%clk 0:01:46]} g5 {[%clk 0:01:50]}
21. Rfb1 {[%clk 0:01:34]} h5 {[%clk 0:01:48]} 22. Qe2 {[%clk 0:01:18]} g4
{[%clk 0:01:46]} 23. hxg4 {[%clk 0:01:03]} hxg4 {[%clk 0:01:46]} 24. Kf1
{[%clk 0:00:49]} Kf7 {[%clk 0:01:03]} 25. Ke1 {[%clk 0:00:44]} Rh8
{[%clk 0:01:04]} 26. Kd2 {[%clk 0:00:39]} Rh2 {[%clk 0:00:53]} 27. Rg1
{[%clk 0:00:15]} Bf6 {[%clk 0:00:37]} 28. Nb5 {[%clk 0:00:03]} Bh4
{[%clk 0:00:16]} 29. Bxh4 {[%clk 0:00:00]} Qxh4 0-1

[Event "c14"]
[Site "?"]
[Date "2020.08.27"]
[Round "2.3"]
[White "Fiszer, Bartosz"]
[Black "Jedraszek, Pawel"]
[Result "1-0"]
[BlackElo "1490"]
[WhiteElo "1905"]
[LiveChessVersion "1.4.8"]

1. g3 {[%clk 0:03:03]} Nf6 {[%clk 0:03:03]} 2. Bg2 g6 3. Nf3 Bg7 4. O-O
{[%clk 0:03:05]} O-O {[%clk 0:03:07]} 5. c4 {[%clk 0:03:06]} d6 {[%clk 0:03:08]}
6. Nc3 {[%clk 0:03:05]} e5 {[%clk 0:03:09]} 7. d3 {[%clk 0:03:02]} h6
{[%clk 0:03:08]} 8. Bd2 {[%clk 0:02:59]} Nc6 {[%clk 0:03:08]} 9. Rb1
{[%clk 0:02:59]} a5 {[%clk 0:03:09]} 10. a3 {[%clk 0:03:00]} Re8 {[%clk 0:03:05]}
11. b4 {[%clk 0:02:58]} axb4 {[%clk 0:03:06]} 12. axb4 {[%clk 0:02:59]} Be6
{[%clk 0:02:55]} 13. b5 {[%clk 0:02:19]} Ne7 {[%clk 0:02:56]} 14. Qc2
{[%clk 0:02:14]} Qd7 {[%clk 0:02:57]} 15. Ra1 {[%clk 0:02:13]} Bh3
{[%clk 0:02:55]} 16. Rfb1 {[%clk 0:01:30]} Bxg2 {[%clk 0:02:55]} 17. Kxg2
{[%clk 0:01:31]} Nh5 {[%clk 0:02:48]} 18. Qc1 {[%clk 0:01:31]} Kh7
{[%clk 0:02:46]} 19. Rxa8 {[%clk 0:01:30]} Rxa8 {[%clk 0:02:48]} 20. Ra1
{[%clk 0:01:31]} Rxa1 {[%clk 0:02:37]} 21. Qxa1 {[%clk 0:01:32]} f5
{[%clk 0:02:36]} 22. Qa7 {[%clk 0:01:13]} b6 {[%clk 0:02:38]} 23. Qb7
{[%clk 0:01:13]} Nf6 {[%clk 0:02:28]} 24. Be3 {[%clk 0:00:54]} g5
{[%clk 0:02:08]} 25. Bd2 {[%clk 0:00:28]} f4 {[%clk 0:02:04]} 26. Ne4
{[%clk 0:00:24]} Nxe4 {[%clk 0:02:01]} 27. Qxe4+ {[%clk 0:00:24]} Qf5
{[%clk 0:01:54]} 28. Qxf5+ {[%clk 0:00:24]} Nxf5 {[%clk 0:01:55]} 29. Bc3
{[%clk 0:00:22]} g4 {[%clk 0:01:38]} 30. Nd2 {[%clk 0:00:23]} Kg6
{[%clk 0:01:13]} 31. Ne4 {[%clk 0:00:24]} h5 {[%clk 0:01:10]} 32. Bd2
{[%clk 0:00:23]} Bh6 {[%clk 0:01:02]} 33. Kg1 {[%clk 0:00:20]} Nd4
{[%clk 0:00:58]} 34. Kf1 {[%clk 0:00:18]} f3 {[%clk 0:00:43]} 35. e3
{[%clk 0:00:15]} Nf5 {[%clk 0:00:34]} 36. Nc3 {[%clk 0:00:15]} Ne7
{[%clk 0:00:32]} 37. Ke1 {[%clk 0:00:15]} Kf6 {[%clk 0:00:29]} 38. Bc1
{[%clk 0:00:12]} Ke6 {[%clk 0:00:28]} 39. Kd1 {[%clk 0:00:11]} d5
{[%clk 0:00:26]} 40. cxd5+ {[%clk 0:00:11]} Nxd5 {[%clk 0:00:27]} 41. Nxd5
{[%clk 0:00:12]} Kxd5 {[%clk 0:00:28]} 42. e4+ {[%clk 0:00:14]} Kd4
{[%clk 0:00:25]} 43. Bxh6 {[%clk 0:00:15]} Kxd3 {[%clk 0:00:25]} 44. Bg7
{[%clk 0:00:14]} Kxe4 {[%clk 0:00:26]} 45. Kd2 {[%clk 0:00:15]} Kd4
{[%clk 0:00:22]} 46. Bf6 {[%clk 0:00:14]} Ke4 {[%clk 0:00:17]} 47. Bd8
{[%clk 0:00:15]} Kd5 {[%clk 0:00:15]} 48. Bxc7 {[%clk 0:00:16]} Kc5
{[%clk 0:00:17]} 49. Bxe5 {[%clk 0:00:17]} Kxb5 {[%clk 0:00:18]} 50. Bd4
{[%clk 0:00:17]} Kc4 {[%clk 0:00:19]} 51. Bxb6 {[%clk 0:00:17]} Kd5
{[%clk 0:00:20]} 52. Ke3 {[%clk 0:00:18]} Ke5 {[%clk 0:00:21]} 53. Bc7+
{[%clk 0:00:19]} Kf5 {[%clk 0:00:22]} 54. Bb8 {[%clk 0:00:21]} Kg5
{[%clk 0:00:21]} 55. Bc7 {[%clk 0:00:21]} Kf5 {[%clk 0:00:23]} 56. Kd4
{[%clk 0:00:23]} h4 {[%clk 0:00:21]} 57. gxh4 {[%clk 0:00:22]} Kg6
{[%clk 0:00:22]} 58. Bg3 {[%clk 0:00:22]} Kf5 {[%clk 0:00:21]} 59. Kd5
{[%clk 0:00:23]} Kf6 {[%clk 0:00:22]} 60. Ke4 {[%clk 0:00:24]} Kg6
{[%clk 0:00:24]} 61. Kf4 {[%clk 0:00:25]} Kh5 {[%clk 0:00:25]} 62. Kf5
{[%clk 0:00:26]} 1-0

[Event "c14"]
[Site "?"]
[Date "2020.08.27"]
[Round "2.4"]
[White "Wieczorek, Mikolaj"]
[Black "Klimkowski, Jan"]
[Result "1-0"]
[BlackElo "1902"]
[WhiteElo "1452"]
[LiveChessVersion "1.4.8"]

1. e4 {[%clk 0:03:03]} c5 {[%clk 0:03:03]} 2. Nf3 d6 3. d4 {[%clk 0:03:06]} cxd4
{[%clk 0:03:06]} 4. Nxd4 Nf6 5. Nc3 a6 6. Bg5 {[%clk 0:03:07]} Nbd7
{[%clk 0:03:11]} 7. f4 {[%clk 0:03:06]} Qc7 {[%clk 0:03:11]} 8. Qe2
{[%clk 0:03:03]} e6 {[%clk 0:02:56]} 9. O-O-O {[%clk 0:03:03]} Be7
{[%clk 0:02:58]} 10. g4 {[%clk 0:02:53]} O-O {[%clk 0:02:58]} 11. h4
{[%clk 0:02:41]} b5 {[%clk 0:03:00]} 12. Bg2 {[%clk 0:02:30]} Bb7
{[%clk 0:01:58]} 13. Bxf6 {[%clk 0:02:15]} Bxf6 {[%clk 0:01:55]} 14. g5
{[%clk 0:02:09]} Bxd4 {[%clk 0:01:49]} 15. Rxd4 {[%clk 0:02:09]} e5
{[%clk 0:01:50]} 16. fxe5 {[%clk 0:02:03]} Nxe5 {[%clk 0:01:50]} 17. Rhd1
{[%clk 0:01:55]} Rfd8 {[%clk 0:01:51]} 18. Nd5 {[%clk 0:01:50]} Bxd5
{[%clk 0:01:51]} 19. Rxd5 {[%clk 0:01:51]} Rac8 {[%clk 0:01:46]} 20. Bh3
{[%clk 0:01:44]} Rb8 {[%clk 0:01:44]} 21. h5 {[%clk 0:01:41]} b4 {[%clk 0:01:26]}
22. Kb1 {[%clk 0:01:34]} a5 {[%clk 0:01:27]} 23. Bf5 {[%clk 0:01:23]} a4
{[%clk 0:01:23]} 24. g6 {[%clk 0:01:16]} b3 {[%clk 0:01:11]} 25. gxh7+
{[%clk 0:01:11]} Kh8 {[%clk 0:01:12]} 26. cxb3 axb3 {[%clk 0:01:12]} 27. a3
{[%clk 0:01:08]} Rb6 {[%clk 0:01:00]} 28. Rc1 {[%clk 0:01:06]} Qe7
{[%clk 0:00:56]} 29. Qe3 {[%clk 0:00:59]} Rb7 {[%clk 0:00:56]} 30. Qd4
{[%clk 0:00:43]} Rc7 {[%clk 0:00:47]} 31. Rxc7 {[%clk 0:00:35]} Qxc7
{[%clk 0:00:48]} 32. Qd2 {[%clk 0:00:26]} g6 {[%clk 0:00:26]} 33. hxg6
{[%clk 0:00:27]} fxg6 {[%clk 0:00:27]} 34. Be6 {[%clk 0:00:18]} Rf8
{[%clk 0:00:27]} 35. Bh3 {[%clk 0:00:10]} Qe7 {[%clk 0:00:15]} 36. Rxd6
{[%clk 0:00:10]} Nc4 {[%clk 0:00:14]} 37. Qd4+ {[%clk 0:00:11]} Kxh7
{[%clk 0:00:13]} 38. Rd7 1-0

[Event "c14"]
[Site "?"]
[Date "2020.08.27"]
[Round "2.6"]
[White "Meers, Hubert"]
[Black "Vanduyfhuys, Igor"]
[Result "1-0"]
[BlackElo "1480"]
[WhiteElo "1759"]
[LiveChessVersion "1.4.8"]

1. e4 {[%clk 0:03:03]} c6 {[%clk 0:03:04]} 2. d4 {[%clk 0:03:03]} d5
{[%clk 0:03:05]} 3. Nd2 {[%clk 0:03:04]} dxe4 {[%clk 0:03:06]} 4. Nxe4
{[%clk 0:03:04]} Nf6 {[%clk 0:03:07]} 5. Nxf6+ {[%clk 0:03:03]} exf6
{[%clk 0:03:08]} 6. c3 {[%clk 0:03:00]} Bd6 {[%clk 0:03:08]} 7. Bd3
{[%clk 0:02:59]} O-O {[%clk 0:03:08]} 8. Ne2 {[%clk 0:02:50]} Re8
{[%clk 0:03:09]} 9. O-O {[%clk 0:02:49]} Nd7 {[%clk 0:03:10]} 10. Bf4
{[%clk 0:02:49]} Nf8 {[%clk 0:02:50]} 11. Bxd6 {[%clk 0:02:46]} Qxd6
{[%clk 0:02:51]} 12. Ng3 {[%clk 0:02:43]} Be6 {[%clk 0:02:40]} 13. Qd2
{[%clk 0:02:10]} Rad8 {[%clk 0:02:39]} 14. Rfe1 {[%clk 0:02:02]} Qc7
{[%clk 0:02:31]} 15. a3 {[%clk 0:01:17]} c5 {[%clk 0:02:31]} 16. Re3
{[%clk 0:00:54]} cxd4 {[%clk 0:02:25]} 17. cxd4 {[%clk 0:00:55]} Qb6
{[%clk 0:02:16]} 18. Rd1 {[%clk 0:00:34]} Bb3 {[%clk 0:02:15]} 19. Rde1
{[%clk 0:00:35]} Rxe3 {[%clk 0:02:08]} 20. fxe3 {[%clk 0:00:35]} Ne6
{[%clk 0:01:48]} 21. Qf2 {[%clk 0:00:32]} h6 {[%clk 0:01:36]} 22. Nf5
{[%clk 0:00:26]} Kh8 {[%clk 0:01:24]} 23. Qg3 {[%clk 0:00:21]} Ba2
{[%clk 0:00:54]} 24. Rf1 {[%clk 0:00:16]} Qxb2 {[%clk 0:00:46]} 25. Nxh6
{[%clk 0:00:16]} Ng5 {[%clk 0:00:21]} 26. Qh4 {[%clk 0:00:10]} gxh6
{[%clk 0:00:19]} 27. Qxh6+ {[%clk 0:00:11]} Kg8 {[%clk 0:00:20]} 28. Qxf6
{[%clk 0:00:11]} Rd5 29. Qf4 {[%clk 0:00:08]} Ne6 {[%clk 0:00:15]} 30. Qxf7+
{[%clk 0:00:08]} Kh8 {[%clk 0:00:16]} 31. Qh7# {[%clk 0:00:10]} 1-0

[Event "c14"]
[Site "?"]
[Date "2020.08.27"]
[Round "2.7"]
[White "Myrmus, Mateusz"]
[Black "Kejna, Piotr"]
[Result "1-0"]
[BlackElo "1747"]
[WhiteElo "1434"]
[LiveChessVersion "1.4.8"]

1. e4 c5 2. c3 d5 3. exd5 Qxd5 4. d4 cxd4 5. cxd4 Nc6 6. Nf3 e6 7. Nc3 Bb4 8. Bd2
Bxc3 9. Bxc3 Nf6 10. Ne5 O-O 11. Nxc6 Qxc6 12. Be2 Qxg2 13. Bf3 Qg5 14. Kf1 Qb5+
15. Be2 Qf5 16. Rg1 Nd5 17. Rg3 b6 18. Bd3 Qf6 19. Qh5 g6 20. Qh6 Qg7 21. Qh4 Bb7
22. Bd2 Rfd8 23. Bh6 Qh8 24. Bg5 Rd7 25. Be4 Qg7 26. Bh6 Qxd4 27. Rh3 Qf6 28. Bg5
Qg7 29. Bxd5 Rxd5 30. Bf6 Rh5 31. Qxh5 gxh5 32. Bxg7 Kxg7 33. Rxh5 Be4 34. Rc1
Rd8 35. Ke1 Kf6 36. Rh3 Bf5 37. Rhc3 Rd4 38. Rc4 Rd8 39. Rc7 Rd4 40. Rxa7 Rg4 41.
Rcc7 Bg6 42. Rcb7 Rh4 43. Rxb6 Rxh2 44. a4 Rh1+ 45. Kd2 Rh2 46. Ke3 Rh3+ 47. f3
Bh5 48. Kd2 Rxf3 49. a5 Rf1 50. a6 Ra1 51. Rb5 Kg6 52. Rxh5 f5 53. Ra8 Kg5 54.
a7+ Kf4 1-0

[Event "c14"]
[Site "?"]
[Date "2020.08.27"]
[Round "2.8"]
[White "Herwy, Jakub"]
[Black "Rog, Bartlomiej"]
[Result "1-0"]
[BlackElo "1470"]
[WhiteElo "1741"]
[LiveChessVersion "1.4.8"]

1. e4 {[%clk 0:03:03]} e5 {[%clk 0:03:04]} 2. Bc4 {[%clk 0:03:03]} Nc6
{[%clk 0:03:00]} 3. d3 {[%clk 0:03:04]} Nf6 {[%clk 0:02:59]} 4. Nc3
{[%clk 0:03:05]} h6 {[%clk 0:03:01]} 5. f4 {[%clk 0:03:04]} d6 {[%clk 0:03:01]}
6. Nf3 {[%clk 0:03:03]} Be7 {[%clk 0:03:00]} 7. O-O {[%clk 0:03:03]} Bg4
{[%clk 0:03:01]} 8. h3 {[%clk 0:02:54]} Bh5 {[%clk 0:02:53]} 9. g4
{[%clk 0:02:27]} Bg6 {[%clk 0:02:45]} 10. f5 Bh7 {[%clk 0:02:47]} 11. Be3
{[%clk 0:02:17]} Qd7 {[%clk 0:02:48]} 12. Qd2 {[%clk 0:02:10]} O-O-O
{[%clk 0:02:47]} 13. Bxf7 {[%clk 0:02:10]} Bg8 {[%clk 0:02:35]} 14. Bxg8
{[%clk 0:01:34]} Rdxg8 {[%clk 0:02:36]} 15. Kf2 {[%clk 0:01:30]} g6
{[%clk 0:02:34]} 16. Bxh6 {[%clk 0:01:09]} gxf5 {[%clk 0:02:36]} 17. gxf5
{[%clk 0:01:01]} d5 {[%clk 0:02:06]} 18. Rg1 {[%clk 0:00:58]} Bc5+
{[%clk 0:02:07]} 19. Ke2 {[%clk 0:00:50]} Bxg1 {[%clk 0:02:04]} 20. Rxg1 Rxg1
{[%clk 0:01:57]} 21. Nxg1 {[%clk 0:00:52]} dxe4 {[%clk 0:01:27]} 22. dxe4
{[%clk 0:00:50]} Nd4+ {[%clk 0:01:29]} 23. Kf2 {[%clk 0:00:37]} Qh7
{[%clk 0:00:51]} 24. Bg5 {[%clk 0:00:36]} Qg7 {[%clk 0:00:52]} 25. h4
{[%clk 0:00:32]} Rd8 {[%clk 0:00:46]} 26. Qc1 {[%clk 0:00:19]} Rd6
{[%clk 0:00:34]} 27. Nf3 {[%clk 0:00:18]} Nc6 {[%clk 0:00:31]} 28. Bxf6
{[%clk 0:00:13]} Qxf6 {[%clk 0:00:32]} 29. Qg5 {[%clk 0:00:14]} Qf8
{[%clk 0:00:21]} 30. h5 {[%clk 0:00:15]} Rd7 {[%clk 0:00:18]} 31. Nd5
{[%clk 0:00:15]} Qc5+ {[%clk 0:00:18]} 32. Kg3 {[%clk 0:00:15]} Qxc2
{[%clk 0:00:16]} 33. Qg8+ {[%clk 0:00:15]} Rd8 {[%clk 0:00:18]} 34. Qe6+
{[%clk 0:00:16]} Kb8 {[%clk 0:00:19]} 35. f6 {[%clk 0:00:15]} Qxe4
{[%clk 0:00:15]} 36. f7 {[%clk 0:00:15]} Qh7 {[%clk 0:00:12]} 37. Nf6
{[%clk 0:00:13]} Qg7+ {[%clk 0:00:13]} 38. Ng4 {[%clk 0:00:13]} Rf8
{[%clk 0:00:08]} 39. Qe8+ {[%clk 0:00:15]} Nd8 {[%clk 0:00:09]} 40. Nfxe5
{[%clk 0:00:16]} a6 {[%clk 0:00:06]} 41. Nd7+ {[%clk 0:00:13]} 1-0

[Event "c14"]
[Site "?"]
[Date "2020.08.27"]
[Round "2.9"]
[White "Blazniak, Bartlomiej"]
[Black "Bancarewicz, Aleks"]
[Result "1-0"]
[BlackElo "1714"]
[WhiteElo "1409"]
[LiveChessVersion "1.4.8"]

1. d4 {[%clk 0:03:03]} Nf6 {[%clk 0:03:03]} 2. Bg5 {[%clk 0:03:04]} Ne4
{[%clk 0:03:02]} 3. Bf4 {[%clk 0:03:05]} c5 {[%clk 0:02:58]} 4. dxc5
{[%clk 0:02:49]} Qa5+ {[%clk 0:02:47]} 5. Nd2 {[%clk 0:02:42]} Nxd2
{[%clk 0:02:47]} 6. Qxd2 {[%clk 0:02:39]} Qxc5 {[%clk 0:02:46]} 7. e4
{[%clk 0:02:28]} Nc6 {[%clk 0:02:40]} 8. Be3 {[%clk 0:02:11]} Qa5
{[%clk 0:02:24]} 9. Qxa5 {[%clk 0:02:09]} Nxa5 {[%clk 0:02:25]} 10. Bd3
{[%clk 0:02:04]} d6 {[%clk 0:02:22]} 11. f4 {[%clk 0:02:04]} g6 {[%clk 0:01:57]}
12. Bd4 {[%clk 0:01:59]} Rg8 {[%clk 0:01:57]} 13. Nf3 {[%clk 0:01:58]} Nc6
{[%clk 0:01:58]} 14. Be3 {[%clk 0:01:53]} Bg7 {[%clk 0:01:59]} 15. c3
{[%clk 0:01:53]} h5 {[%clk 0:01:53]} 16. Ng5 {[%clk 0:01:40]} Bf6
{[%clk 0:01:37]} 17. Nf3 {[%clk 0:01:11]} Bd7 {[%clk 0:01:15]} 18. O-O
{[%clk 0:01:10]} Rc8 {[%clk 0:01:10]} 19. Rac1 {[%clk 0:00:57]} b6
{[%clk 0:01:07]} 20. Ba6 {[%clk 0:00:53]} Rd8 {[%clk 0:00:58]} 21. Nd4
{[%clk 0:00:51]} Nxd4 {[%clk 0:00:59]} 22. cxd4 {[%clk 0:00:49]} Bg7
{[%clk 0:00:38]} 23. Rc7 {[%clk 0:00:49]} Ra8 24. Rfc1 {[%clk 0:00:44]} e5
{[%clk 0:00:07]} 25. fxe5 {[%clk 0:00:38]} dxe5 {[%clk 0:00:09]} 26. d5
{[%clk 0:00:36]} Ke7 {[%clk 0:00:05]} 27. Bb5 {[%clk 0:00:30]} Rgd8
{[%clk 0:00:06]} 28. Bg5+ {[%clk 0:00:24]} f6 {[%clk 0:00:07]} 29. Bh4
{[%clk 0:00:24]} a6 {[%clk 0:00:05]} 30. Bc6 {[%clk 0:00:24]} Rab8
{[%clk 0:00:05]} 31. Ra7 {[%clk 0:00:19]} a5 {[%clk 0:00:05]} 32. Bxd7
{[%clk 0:00:10]} Rxd7 {[%clk 0:00:06]} 33. Rcc7 {[%clk 0:00:10]} Rbd8
{[%clk 0:00:04]} 34. Bf2 {[%clk 0:00:09]} Rxc7 {[%clk 0:00:03]} 35. Rxc7+
{[%clk 0:00:10]} Rd7 {[%clk 0:00:05]} 36. Bxb6 {[%clk 0:00:10]} Rxc7
{[%clk 0:00:03]} 37. Bxc7 {[%clk 0:00:11]} a4 {[%clk 0:00:05]} 38. Kf2
{[%clk 0:00:11]} f5 {[%clk 0:00:06]} 39. Ke3 {[%clk 0:00:11]} Kd7
{[%clk 0:00:07]} 40. Ba5 {[%clk 0:00:11]} Bh6+ {[%clk 0:00:08]} 41. Kd3
{[%clk 0:00:12]} h4 {[%clk 0:00:05]} 42. Bc3 {[%clk 0:00:10]} Kd6
{[%clk 0:00:06]} 43. Bb4+ {[%clk 0:00:11]} Kd7 {[%clk 0:00:07]} 44. Bf8
{[%clk 0:00:11]} Bf4 {[%clk 0:00:04]} 45. h3 {[%clk 0:00:10]} Bc1
{[%clk 0:00:04]} 46. b3 {[%clk 0:00:11]} axb3 {[%clk 0:00:05]} 47. axb3
{[%clk 0:00:12]} Bb2 {[%clk 0:00:04]} 48. b4 {[%clk 0:00:11]} Bd4
{[%clk 0:00:05]} 49. Bc5 {[%clk 0:00:08]} Bb2 {[%clk 0:00:06]} 50. Bf2
{[%clk 0:00:09]} Ba3 {[%clk 0:00:04]} 51. b5 {[%clk 0:00:10]} Be7
{[%clk 0:00:04]} 52. b6 {[%clk 0:00:08]} Bd8 {[%clk 0:00:05]} 53. Bc5 Kc8
{[%clk 0:00:03]} 54. Bd6 Bf6 55. Bc5 {[%clk 0:00:05]} Kb7 {[%clk 0:00:06]} 56.
Bf2 {[%clk 0:00:06]} Be7 {[%clk 0:00:05]} 57. Be3 {[%clk 0:00:06]} Bf6
{[%clk 0:00:04]} 58. Bf2 {[%clk 0:00:05]} Be7 {[%clk 0:00:06]} 59. Be3
{[%clk 0:00:07]} Bf6 {[%clk 0:00:07]} 60. exf5 {[%clk 0:00:05]} gxf5
{[%clk 0:00:08]} 61. Kc4 {[%clk 0:00:06]} f4 {[%clk 0:00:08]} 62. Bf2
{[%clk 0:00:07]} e4 {[%clk 0:00:09]} 63. d6 {[%clk 0:00:06]} e3 {[%clk 0:00:10]}
64. Be1 {[%clk 0:00:07]} Kxb6 {[%clk 0:00:11]} 65. Kd5 {[%clk 0:00:08]} Bd8
{[%clk 0:00:05]} 66. Ke4 {[%clk 0:00:09]} Kc6 {[%clk 0:00:06]} 67. Kxf4
{[%clk 0:00:09]} Kxd6 {[%clk 0:00:07]} 68. Kxe3 {[%clk 0:00:10]} Ke5
{[%clk 0:00:08]} 69. Kf3 {[%clk 0:00:09]} Kf5 {[%clk 0:00:09]} 70. Bf2
{[%clk 0:00:08]} Be7 {[%clk 0:00:11]} 71. g3 {[%clk 0:00:04]} hxg3
{[%clk 0:00:11]} 72. Bxg3 {[%clk 0:00:05]} Kg6 {[%clk 0:00:06]} 1-0

[Event "c14"]
[Site "?"]
[Date "2020.08.27"]
[Round "2.10"]
[White "Malek, Jan"]
[Black "Panek, Grzegorz"]
[Result "1-0"]
[BlackElo "1454"]
[WhiteElo "1703"]
[LiveChessVersion "1.4.8"]

1. e4 {[%clk 0:03:03]} c5 {[%clk 0:01:15]} 2. c3 {[%clk 0:03:03]} Nc6
{[%clk 0:01:16]} 3. d4 {[%clk 0:03:04]} cxd4 {[%clk 0:01:17]} 4. cxd4
{[%clk 0:03:05]} e6 {[%clk 0:01:17]} 5. Nc3 {[%clk 0:03:05]} d5 {[%clk 0:01:17]}
6. exd5 {[%clk 0:03:04]} exd5 {[%clk 0:01:18]} 7. Bb5 {[%clk 0:03:04]} Nge7
{[%clk 0:01:16]} 8. Nf3 {[%clk 0:03:04]} g6 {[%clk 0:01:16]} 9. O-O
{[%clk 0:03:03]} Bg7 {[%clk 0:01:17]} 10. Re1 {[%clk 0:02:48]} O-O
{[%clk 0:01:16]} 11. Bg5 {[%clk 0:02:49]} Be6 {[%clk 0:01:05]} 12. Qd2
{[%clk 0:02:32]} Qd7 {[%clk 0:00:50]} 13. Bxe7 {[%clk 0:02:19]} Qxe7
{[%clk 0:00:50]} 14. Nxd5 {[%clk 0:02:18]} Qd6 {[%clk 0:00:51]} 15. Bxc6
{[%clk 0:02:18]} bxc6 {[%clk 0:00:49]} 16. Nc3 {[%clk 0:02:18]} Rfd8
{[%clk 0:00:38]} 17. Rad1 {[%clk 0:02:18]} Rab8 {[%clk 0:00:38]} 18. b3
{[%clk 0:02:13]} Bg4 {[%clk 0:00:31]} 19. Ne4 {[%clk 0:01:52]} Qd5
{[%clk 0:00:11]} 20. Qf4 {[%clk 0:01:51]} Bxf3 {[%clk 0:00:06]} 21. Qxf3
{[%clk 0:01:51]} f5 {[%clk 0:00:00]} 22. Ng5 {[%clk 0:01:51]} Qxf3
{[%clk 0:00:00]} 23. Nxf3 {[%clk 0:01:51]} c5 {[%clk 0:00:00]} 24. dxc5
{[%clk 0:01:51]} Rdc8 {[%clk 0:00:00]} 25. Rd7 {[%clk 0:01:51]} Rb5
{[%clk 0:00:00]} 26. Ree7 {[%clk 0:01:51]} Bf6 {[%clk 0:00:00]} 27. Rf7
{[%clk 0:01:51]} Bb2 {[%clk 0:00:00]} 28. h4 {[%clk 0:01:51]} Rbxc5
{[%clk 0:00:00]} 1-0

[Event "c14"]
[Site "?"]
[Date "2020.08.27"]
[Round "2.11"]
[White "Matela, Krzysztof"]
[Black "Kazmierowski, Tymon"]
[Result "1/2-1/2"]
[BlackElo "1408"]
[WhiteElo "1692"]
[LiveChessVersion "1.4.8"]

1. e4 c5 2. Ne2 d6 3. g3 g6 4. Bg2 Bg7 5. O-O e6 6. d3 Ne7 7. f4 O-O 8. c3 Nbc6
9. h3 b6 10. Nd2 Bb7 11. Kh2 Qd7 12. Nf3 Rad8 13. Be3 d5 14. Qc2 dxe4 15. dxe4
Qd3 16. Qxd3 Rxd3 17. Bg1 Rfd8 18. Nc1 Rd1 19. Rxd1 Rxd1 20. Nb3 Rxa1 21. Nxa1
Na5 22. Nd2 Ba6 23. Be3 Nc4 24. Nxc4 Bxc4 25. Nb3 Nc6 26. Nc1 e5 27. Kg1 Kf8 28.
Kf2 Ke7 29. b3 Be6 30. c4 Nb4 31. Bd2 a5 32. Bxb4 axb4 33. Nd3 exf4 34. gxf4 Bd4+
35. Kf3 Kd6 36. Kg3 h5 37. Bf3 Ke7 38. Bd1 Bc3 39. Bc2 Bd7 40. Nc1 Be1+ 41. Kg2
Bc6 42. Ne2 f5 43. Kf3 Bd2 44. Bd3 Kf6 45. Ng3 h4 46. Ne2 Ke6 47. Bc2 Kf6 48. Bb1
Ke6 49. Bc2 Kf6 50. Bd3 1/2-1/2

[Event "c14"]
[Site "?"]
[Date "2020.08.27"]
[Round "3.1"]
[White "Janeczko, Jakub"]
[Black "Karolczuk, Iwo"]
[Result "0-1"]
[BlackElo "2044"]
[WhiteElo "1656"]
[LiveChessVersion "1.4.8"]

1. e4 {[%clk 0:03:03]} c5 {[%clk 0:03:03]} 2. d3 {[%clk 0:03:04]} Nc6
{[%clk 0:03:03]} 3. g3 {[%clk 0:03:05]} g6 {[%clk 0:03:03]} 4. Bg2
{[%clk 0:03:06]} Bg7 {[%clk 0:03:04]} 5. f4 {[%clk 0:03:07]} e6 {[%clk 0:02:59]}
6. Nf3 {[%clk 0:03:07]} d5 {[%clk 0:02:59]} 7. O-O {[%clk 0:03:06]} Nge7
{[%clk 0:02:57]} 8. c3 {[%clk 0:03:01]} O-O {[%clk 0:02:55]} 9. Na3
{[%clk 0:03:00]} Rb8 {[%clk 0:02:55]} 10. e5 {[%clk 0:02:49]} b5 {[%clk 0:02:54]}
11. Nc2 {[%clk 0:02:36]} a5 {[%clk 0:02:55]} 12. Be3 {[%clk 0:02:35]} c4
{[%clk 0:02:39]} 13. d4 {[%clk 0:02:35]} b4 {[%clk 0:02:40]} 14. Bf2
{[%clk 0:02:17]} a4 {[%clk 0:02:32]} 15. g4 {[%clk 0:01:51]} a3 {[%clk 0:02:18]}
16. bxa3 {[%clk 0:01:33]} bxc3 {[%clk 0:02:17]} 17. Bh4 {[%clk 0:01:09]} Rb2
{[%clk 0:01:41]} 18. Bf6 {[%clk 0:01:00]} Qa5 {[%clk 0:01:40]} 19. Qe2
{[%clk 0:00:51]} Qxa3 {[%clk 0:01:25]} 20. Nxa3 {[%clk 0:00:29]} Rxe2
{[%clk 0:01:26]} 21. Nb5 {[%clk 0:00:29]} c2 {[%clk 0:01:19]} 22. Rf2
{[%clk 0:00:26]} Rxf2 {[%clk 0:01:18]} 23. Kxf2 {[%clk 0:00:27]} Ba6
{[%clk 0:01:20]} 24. Nc7 {[%clk 0:00:24]} Bb7 {[%clk 0:01:18]} 25. Nb5
{[%clk 0:00:19]} Ra8 {[%clk 0:01:16]} 26. Bxg7 {[%clk 0:00:13]} Kxg7
{[%clk 0:01:17]} 27. Ke2 {[%clk 0:00:12]} Rxa2 {[%clk 0:01:17]} 28. Rc1
{[%clk 0:00:12]} Nb4 {[%clk 0:01:05]} 29. Kd2 {[%clk 0:00:09]} Nec6
{[%clk 0:01:04]} 30. Bf1 {[%clk 0:00:04]} Rb2 {[%clk 0:01:02]} 31. Nc3
{[%clk 0:00:05]} Rb3 {[%clk 0:01:00]} 32. Ra1 {[%clk 0:00:00]} 0-1

[Event "c14"]
[Site "?"]
[Date "2020.08.27"]
[Round "3.2"]
[White "Chyzy, Jakub"]
[Black "Kutowski, Marcel"]
[Result "1-0"]
[BlackElo "1644"]
[WhiteElo "2005"]
[LiveChessVersion "1.4.8"]

1. e4 {[%clk 0:03:03]} c6 {[%clk 0:03:03]} 2. d4 {[%clk 0:03:05]} d5
{[%clk 0:03:04]} 3. e5 {[%clk 0:03:06]} Bf5 {[%clk 0:03:04]} 4. Nf3
{[%clk 0:03:07]} e6 {[%clk 0:03:04]} 5. a3 {[%clk 0:03:08]} h6 {[%clk 0:03:01]}
6. Be3 {[%clk 0:03:00]} Ne7 {[%clk 0:02:53]} 7. Be2 {[%clk 0:02:54]} Bh7
{[%clk 0:02:52]} 8. O-O {[%clk 0:02:43]} Nf5 {[%clk 0:02:52]} 9. c4
{[%clk 0:02:38]} Be7 {[%clk 0:02:48]} 10. b4 {[%clk 0:02:27]} O-O
{[%clk 0:02:42]} 11. Nc3 {[%clk 0:02:27]} Nd7 {[%clk 0:02:08]} 12. b5
{[%clk 0:01:55]} dxc4 {[%clk 0:02:00]} 13. bxc6 {[%clk 0:01:49]} bxc6
{[%clk 0:02:01]} 14. Bxc4 {[%clk 0:01:37]} Nb6 {[%clk 0:02:02]} 15. Bd3
{[%clk 0:01:12]} Nd5 {[%clk 0:02:02]} 16. Qd2 {[%clk 0:01:08]} c5
{[%clk 0:01:09]} 17. Nxd5 {[%clk 0:01:07]} Qxd5 {[%clk 0:01:07]} 18. Bxf5
{[%clk 0:01:01]} Bxf5 {[%clk 0:01:06]} 19. dxc5 {[%clk 0:01:02]} Rfd8
{[%clk 0:00:29]} 20. Qxd5 {[%clk 0:00:58]} Rxd5 {[%clk 0:00:30]} 21. Rfc1
{[%clk 0:00:53]} Rc8 {[%clk 0:00:27]} 22. c6 {[%clk 0:00:54]} Rc7
{[%clk 0:00:24]} 23. Bxa7 {[%clk 0:00:52]} Rxa7 {[%clk 0:00:04]} 24. c7
{[%clk 0:00:53]} Rxc7 {[%clk 0:00:05]} 25. Rxc7 {[%clk 0:00:54]} Bc5
{[%clk 0:00:03]} 26. a4 {[%clk 0:00:50]} Be4 {[%clk 0:00:00]} 27. a5
{[%clk 0:00:50]} Bxf3 {[%clk 0:00:00]} 28. gxf3 {[%clk 0:00:50]} 1-0